| 000 | 00000nam##2200000za#4500 |
| 001 | 9.574196 |
| 003 | CaOODSP |
| 005 | 20210624184051 |
| 007 | cr ||||||||||| |
| 008 | 150406|2005||||xxc|||||o f|0| 0 eng|d |
| 022 | |a1488-5379 |
| 040 | |aCaOODSP|beng |
| 043 | |an-cn--- |
| 086 | 1 |aFs97-6/2611E-PDF |
| 110 | 1 |aCanada. |bDepartment of Fisheries and Oceans. |
| 245 | 10|aSources of variability in aerial survey counts of harbour seals on haul-out sites in the Bay of Fundy / |h[electronic resource]|cby G. Mark Fowler and Wayne T. Stobo. |
| 260 | |aDartmouth - Nova Scotia : |bFisheries and Oceans Canada |cc2005. |
| 300 | |a30p.|bgraphs, map, references |
| 490 | 1 |aCanadian technical report of fisheries and aquatic sciences|x1488-5379|vNo. 2611 |
| 500 | |aIncomplete catalogue number (Fs 97-6/0000E) and the ISSN (0706-6457) for the print edition have been copied in this electronic publication. |
| 546 | |a(Résumé en français) |
| 590 | |a12-23-Supp|b2012-05-28 |
| 720 | 1 |aFowler, G. Mark |
| 776 | 0#|tSources of variability in aerial survey counts of harbour seals on haul-out sites in the Bay of Fundy / |w(CaOODSP)9.617590 |
| 830 | #0|aCanadian technical report of fisheries and aquatic sciences,|x1488-5379|vNo. 2611|w(CaOODSP)9.504449 |
| 856 | 40|ahttp://publications.gc.ca|qPDF|s327 KB|uhttps://publications.gc.ca/collections/collection_2012/mpo-dfo/Fs97-6-2611-eng.pdf|yNo. 2611 |